[Event "Kitchener Masters"]
[Site "Kitchener CAN"]
[Date "2015.07.31"]
[Round "2"]
[White "Preotu, Razvan"]
[Black "Bareev, Evgeny"]
[Result "1/2-1/2"]
[WhiteElo "2452"]
[BlackElo "2663"]
[WhiteFideId "-1"]
[WhiteFideId "-1"]
[PlyCount "53"]
[GameId "2160767908837119"]
[EventDate "2015.07.31"]
[EventType "schev"]
[EventRounds "10"]
[EventCountry "CAN"]
[SourceTitle "Mega2015 Update 40"]
[Source "Chessbase"]
[SourceDate "2015.08.28"]
[SourceVersion "1"]
[SourceVersionDate "2015.08.28"]
[SourceQuality "1"]
[WhiteTeam "Team 2"]
[BlackTeam "Team 1"]

1. e4 c6 2. d4 d5 3. e5 Bf5 4. Nf3 e6 5. Be2 Ne7 6. O-O Bg6 7. Nbd2 Nd7 8. Nb3 Nf5 9. a4 Be7 10. a5 O-O 11. c4 dxc4 12. Bxc4 b5 13. Be2 c5 14. Bxb5 Rb8 15. Qe2 Bh5 16. Rd1 Qc7 17. Bf4 Bxf3 18. gxf3 cxd4 19. Nxd4 Nxd4 20. Rxd4 Nc5 21. b4 a6 22. Bxa6 Nb3 23. Rc4 Qa7 24. Rb1 Qxa6 25. Rxb3 Rxb4 26. Rbxb4 Bxb4 27. Qa2 1/2-1/2

[Event "Kitchener Masters"]
[Site "Kitchener CAN"]
[Date "2015.08.01"]
[Round "3"]
[White "Cao, Jason"]
[Black "Preotu, Razvan"]
[Result "0-1"]
[WhiteElo "2332"]
[BlackElo "2452"]
[WhiteFideId "-1"]
[WhiteFideId "-1"]
[PlyCount "74"]
[GameId "2160767908837122"]
[EventDate "2015.07.31"]
[EventType "schev"]
[EventRounds "10"]
[EventCountry "CAN"]
[SourceTitle "Mega2015 Update 40"]
[Source "Chessbase"]
[SourceDate "2015.08.28"]
[SourceVersion "1"]
[SourceVersionDate "2015.08.28"]
[SourceQuality "1"]
[WhiteTeam "Team 1"]
[BlackTeam "Team 2"]

1. e4 c5 2. Nf3 d6 3. d4 cxd4 4. Nxd4 Nf6 5. Nc3 a6 6. a4 Nc6 7. Be2 g6 8. O-O Bg7 9. Be3 O-O 10. f4 Ng4 11. Bxg4 Bxd4 12. Bxd4 Bxg4 13. Qd2 Nxd4 14. Qxd4 Bd7 15. Rad1 Rc8 16. e5 Bg4 17. Rd2 dxe5 18. fxe5 Qxd4+ 19. Rxd4 Be6 20. Kf2 Rc5 21. Re1 Rfc8 22. Re2 Kg7 23. Kf3 g5 24. g4 Kg6 25. Kg3 h5 26. h3 Rc4 27. Ree4 Rxd4 28. Rxd4 Rc5 29. Rb4 Rxe5 30. gxh5+ Kxh5 31. Rxb7 Re3+ 32. Kf2 Rxh3 33. Ne2 Rh2+ 34. Ke3 Bc4 35. Ng3+ Kg4 36. Ne4 f5 37. Nc5 e5 0-1

[Event "Kitchener Masters"]
[Site "Kitchener CAN"]
[Date "2015.08.01"]
[Round "4"]
[White "Preotu, Razvan"]
[Black "Cao, Jason"]
[Result "0-1"]
[WhiteElo "2452"]
[BlackElo "2332"]
[WhiteFideId "-1"]
[WhiteFideId "-1"]
[PlyCount "104"]
[GameId "2160767908837129"]
[EventDate "2015.07.31"]
[EventType "schev"]
[EventRounds "10"]
[EventCountry "CAN"]
[SourceTitle "Mega2015 Update 40"]
[Source "Chessbase"]
[SourceDate "2015.08.28"]
[SourceVersion "1"]
[SourceVersionDate "2015.08.28"]
[SourceQuality "1"]
[WhiteTeam "Team 2"]
[BlackTeam "Team 1"]

1. e4 c5 2. Nf3 d6 3. d4 cxd4 4. Nxd4 Nf6 5. Nc3 a6 6. h3 e5 7. Nde2 h5 8. g3 Be6 9. Bg2 Nbd7 10. O-O b5 11. Be3 Be7 12. Qd2 O-O 13. a4 Nb6 14. b3 b4 15. Nd1 a5 16. c4 Bc8 17. f4 Nbd7 18. Nf2 Bb7 19. Rad1 Qc7 20. g4 hxg4 21. hxg4 Nc5 22. Qc2 Nh7 23. Ng3 exf4 24. Bxf4 Ne6 25. Bc1 Bg5 26. Nf5 Rad8 27. Bb2 g6 28. Nd4 Nc5 29. Rde1 Rfe8 30. Re2 Bf6 31. g5 Bxg5 32. Nf3 Bf4 33. Ng4 Bxe4 34. Qd1 Bd3 35. Rxe8+ Rxe8 36. Re1 Qd7 37. Bh3 Qc6 38. Nf2 Rxe1+ 39. Nxe1 Be4 40. Ng4 Ng5 41. Nf6+ Kf8 42. Bg2 Bxg2 43. Nxg2 Be5 44. Bxe5 Nf3+ 45. Kh1 Nxe5 46. Qd2 Kg7 47. Qg5 Ne6 48. Nh5+ Kf8 49. Qh6+ Ke7 50. Nhf4 Nxf4 51. Qxf4 Qf3 52. Qh4+ Kd7 0-1

[Event "Kitchener Masters"]
[Site "Kitchener CAN"]
[Date "2015.08.02"]
[Round "5"]
[White "Fedorowicz, John"]
[Black "Preotu, Razvan"]
[Result "0-1"]
[WhiteElo "2428"]
[BlackElo "2452"]
[WhiteFideId "-1"]
[WhiteFideId "-1"]
[PlyCount "78"]
[GameId "2160767908837133"]
[EventDate "2015.07.31"]
[EventType "schev"]
[EventRounds "10"]
[EventCountry "CAN"]
[SourceTitle "EXT 2016"]
[Source "ChessBase"]
[SourceDate "2015.10.08"]
[SourceVersion "1"]
[SourceVersionDate "2015.10.08"]
[SourceQuality "1"]
[WhiteTeam "Team 1"]
[BlackTeam "Team 2"]
[WhiteTeamCountry "CAN"]
[BlackTeamCountry "CAN"]

1. e4 c5 2. Nf3 d6 3. d4 cxd4 4. Nxd4 Nf6 5. Nc3 a6 6. Be2 e6 7. Be3 Qc7 8. a4 b6 9. f4 Bb7 10. Bf3 Nc6 11. f5 e5 12. Nxc6 Bxc6 13. Qd3 Be7 14. g4 h6 15. h4 Nd7 16. g5 hxg5 17. hxg5 Rxh1+ 18. Bxh1 Qb7 19. b4 Qc7 20. Bd2 Qd8 21. Qg3 a5 22. b5 Bb7 23. O-O-O Qc7 24. Bf3 O-O-O 25. Rh1 Qc5 26. Rh7 Bf8 27. f6 gxf6 28. Rxf7 fxg5 29. Bg4 d5 30. Qh3 Be7 31. exd5 Kc7 32. Be6 Rf8 33. Qh7 Rxf7 34. Qxf7 Kd8 35. Bf5 Nf6 36. Qe6 Qg1+ 37. Kb2 Qd4 38. Be3 Ba3+ 39. Ka2 Qc4+ 0-1

[Event "Kitchener Masters"]
[Site "Kitchener CAN"]
[Date "2015.08.02"]
[Round "6"]
[White "Preotu, Razvan"]
[Black "Fedorowicz, John"]
[Result "1-0"]
[WhiteElo "2452"]
[BlackElo "2428"]
[WhiteFideId "-1"]
[WhiteFideId "-1"]
[PlyCount "65"]
[GameId "2160767908837139"]
[EventDate "2015.07.31"]
[EventType "schev"]
[EventRounds "10"]
[EventCountry "CAN"]
[SourceTitle "EXT 2016"]
[Source "ChessBase"]
[SourceDate "2015.10.08"]
[SourceVersion "1"]
[SourceVersionDate "2015.10.08"]
[SourceQuality "1"]
[WhiteTeam "Team 2"]
[BlackTeam "Team 1"]
[WhiteTeamCountry "CAN"]
[BlackTeamCountry "CAN"]

1. e4 c5 2. Nf3 d6 3. d4 cxd4 4. Nxd4 Nf6 5. Nc3 a6 6. Be3 e6 7. f3 b5 8. Qd2 Nbd7 9. O-O-O Bb7 10. g4 Nb6 11. Qf2 Nfd7 12. Bd3 Rc8 13. Nce2 Na4 14. Kb1 Ndc5 15. g5 Qc7 16. Rd2 d5 17. e5 Nb6 18. Nb3 Ncd7 19. Bxb6 Qxb6 20. Qg3 a5 21. f4 g6 22. h4 a4 23. Nbd4 Ba6 24. h5 Rg8 25. hxg6 hxg6 26. Rh7 Nc5 27. f5 gxf5 28. Nf4 b4 29. Bxf5 exf5 30. e6 fxe6 31. Nxd5 Ne4 32. Nxb6 Nxg3 33. Nxe6 1-0

[Event "Kitchener Masters"]
[Site "Kitchener CAN"]
[Date "2015.08.03"]
[Round "7"]
[White "Song, Michael"]
[Black "Preotu, Razvan"]
[Result "1-0"]
[WhiteElo "2316"]
[BlackElo "2452"]
[WhiteFideId "-1"]
[WhiteFideId "-1"]
[PlyCount "59"]
[GameId "2160767908837145"]
[EventDate "2015.07.31"]
[EventType "schev"]
[EventRounds "10"]
[EventCountry "CAN"]
[SourceTitle "Mega2015 Update 40"]
[Source "Chessbase"]
[SourceDate "2015.08.28"]
[SourceVersion "1"]
[SourceVersionDate "2015.08.28"]
[SourceQuality "1"]
[WhiteTeam "Team 1"]
[BlackTeam "Team 2"]

1. d4 Nf6 2. Bg5 d5 3. Nd2 c5 4. Bxf6 gxf6 5. dxc5 e6 6. e4 Bxc5 7. Nb3 Qb6 8. Nxc5 Qxc5 9. exd5 Qb4+ 10. Qd2 Qxb2 11. Rd1 exd5 12. Ne2 Qe5 13. c4 d4 14. f4 Qe7 15. Kf2 Bg4 16. h3 Bxe2 17. Bxe2 O-O 18. Bf3 Rd8 19. Rhe1 Qc7 20. f5 Nc6 21. Qh6 Ne5 22. Qxf6 Nxf3 23. Re7 Qxc4 24. gxf3 d3 25. Qg5+ Kh8 26. Qf6+ Kg8 27. Rg1+ Kf8 28. Re3 Qc2+ 29. Kg3 Qc7+ 30. f4 1-0

[Event "Kitchener Masters"]
[Site "Kitchener CAN"]
[Date "2015.08.03"]
[Round "8"]
[White "Preotu, Razvan"]
[Black "Song, Michael"]
[Result "1-0"]
[WhiteElo "2452"]
[BlackElo "2316"]
[WhiteFideId "-1"]
[WhiteFideId "-1"]
[PlyCount "105"]
[GameId "2160767908837149"]
[EventDate "2015.07.31"]
[EventType "schev"]
[EventRounds "10"]
[EventCountry "CAN"]
[SourceTitle "Mega2015 Update 40"]
[Source "Chessbase"]
[SourceDate "2015.08.28"]
[SourceVersion "1"]
[SourceVersionDate "2015.08.28"]
[SourceQuality "1"]
[WhiteTeam "Team 2"]
[BlackTeam "Team 1"]

1. c4 Nf6 2. Nc3 g6 3. e4 d6 4. d4 Bg7 5. Nf3 O-O 6. Be2 e5 7. d5 a5 8. Bg5 h6 9. Bh4 Na6 10. O-O Qe8 11. Nd2 Bd7 12. b3 Nh7 13. a3 h5 14. f3 Bh6 15. Rb1 Be3+ 16. Kh1 Bc5 17. Qc1 Kg7 18. Na2 g5 19. Be1 f5 20. b4 axb4 21. axb4 Be3 22. Qc2 f4 23. c5 Bxd2 24. Bxd2 g4 25. Be1 Qe7 26. c6 bxc6 27. dxc6 Be6 28. Nc3 Qg5 29. Nd5 g3 30. Bxa6 Qh4 31. h3 Kh8 32. Kg1 Bxh3 33. gxh3 Ng5 34. Ne7 Nxh3+ 35. Kg2 Qxe7 36. Bc4 Ng5 37. Rh1 h4 38. Rxh4+ Kg7 39. Rh1 Rh8 40. Bc3 Nh3 41. Qd2 Qf6 42. Ra1 Nf2 43. Rxa8 Rxh1 44. Rg8+ Kh6 45. Qd5 Rh2+ 46. Kf1 Nd1 47. Bd2 Rxd2 48. Qxd2 Ne3+ 49. Kg1 Nxc4 50. Qg2 Kh7 51. Rc8 Qh4 52. Qh1 Qxh1+ 53. Kxh1 1-0

[Event "Kitchener Masters"]
[Site "Kitchener CAN"]
[Date "2015.08.04"]
[Round "10"]
[White "Preotu, Razvan"]
[Black "Sambuev, Bator"]
[Result "1-0"]
[WhiteElo "2452"]
[BlackElo "2532"]
[WhiteFideId "-1"]
[WhiteFideId "-1"]
[PlyCount "133"]
[GameId "2160767908837154"]
[EventDate "2015.07.31"]
[EventType "schev"]
[EventRounds "10"]
[EventCountry "CAN"]
[SourceTitle "Mega2015 Update 40"]
[Source "Chessbase"]
[SourceDate "2015.08.28"]
[SourceVersion "1"]
[SourceVersionDate "2015.08.28"]
[SourceQuality "1"]
[WhiteTeam "Team 2"]
[BlackTeam "Team 1"]

1. e4 e5 2. Nf3 d6 3. d4 Nf6 4. Nc3 Nbd7 5. Bc4 Be7 6. O-O O-O 7. a4 a5 8. Re1 c6 9. h3 Re8 10. Be3 h6 11. Qd3 Qc7 12. Rad1 exd4 13. Qxd4 Ne5 14. Nxe5 dxe5 15. Qb6 Qxb6 16. Bxb6 Bb4 17. Re3 Be6 18. Bxe6 Rxe6 19. Red3 c5 20. Bc7 Ne8 21. Nb5 c4 22. Rd8 Rxd8 23. Rxd8 Kh7 24. Bb8 Nf6 25. f3 Be7 26. Rd1 Kg8 27. Bc7 b6 28. Kf1 Kf8 29. Rd5 Rc6 30. Rd1 Re6 31. g4 Ne8 32. Bb8 f6 33. Rd7 Bc5 34. Ke2 g6 35. Nc3 Re7 36. Rd8 Kf7 37. Nd5 Rb7 38. Kd2 Bb4+ 39. Ke2 Bc5 40. Kd2 Bb4+ 41. c3 Bc5 42. Kc2 Bf8 43. b3 cxb3+ 44. Kb2 Be7 45. Rc8 b5 46. axb5 Rxb5 47. Rxe8 Ba3+ 48. Kxa3 b2 49. Re7+ Kg8 50. Bd6 Rxd5 51. Kxb2 Rxd6 52. Kc2 Ra6 53. Rc7 a4 54. Kb2 a3+ 55. Ka2 h5 56. gxh5 gxh5 57. c4 Kf8 58. c5 Ra5 59. h4 Kg8 60. c6 Ra6 61. Rc8+ Kg7 62. c7 Rc6 63. Kxa3 Rc1 64. Kb4 Rc2 65. Kb5 Rc1 66. Kb6 Rc2 67. Rd8 1-0

[Event "North American-ch U20"]
[Site "Kitchener CAN"]
[Date "2015.07.26"]
[Round "1"]
[White "Preotu, Razvan"]
[Black "Chen, Richard"]
[Result "1-0"]
[WhiteElo "2452"]
[BlackElo "2082"]
[WhiteFideId "-1"]
[WhiteFideId "-1"]
[PlyCount "149"]
[GameId "2160767908837256"]
[EventDate "2015.07.26"]
[EventType "swiss"]
[EventRounds "9"]
[EventCountry "CAN"]
[SourceTitle "EXT 2019"]
[Source "ChessBase"]
[SourceDate "2018.10.10"]
[SourceVersion "1"]
[SourceVersionDate "2018.10.10"]
[SourceQuality "1"]

1. e4 e6 2. d4 d5 3. Nd2 c5 4. Ngf3 Nc6 5. exd5 exd5 6. Bb5 Bd6 7. O-O Nge7 8. dxc5 Bxc5 9. Nb3 Bd6 10. Re1 O-O 11. Bd3 h6 12. h3 Nf5 13. c3 Qf6 14. Bc2 Rd8 15. Qd3 g6 16. Qd1 Bf8 17. Bxf5 Bxf5 18. Be3 Bg7 19. Nbd4 Be4 20. Qd2 g5 21. Nxc6 bxc6 22. Bd4 Qg6 23. Nh2 Re8 24. f3 Bf5 25. Rxe8+ Rxe8 26. Bxa7 Be5 27. Bd4 Bf4 28. Qf2 Qd6 29. Nf1 Bd3 30. Re1 Rxe1 31. Qxe1 Qe6 32. Qf2 f5 33. a4 Kf7 34. b4 Bc4 35. Ne3 Ba6 36. Qe1 Bd3 37. Qd2 Ba6 38. Kf2 h5 39. Qb2 g4 40. hxg4 fxg4 41. b5 cxb5 42. axb5 g3+ 43. Ke2 Bxe3 44. Bxe3 d4 45. bxa6 Qxe3+ 46. Kf1 Qd3+ 47. Qe2 Qb1+ 48. Qe1 Qd3+ 49. Qe2 Qb1+ 50. Qe1 Qd3+ 51. Kg1 dxc3 52. Qxg3 Qe3+ 53. Kh2 Kf6 54. Qd6+ Kg5 55. Qc7 Qf4+ 56. Qxf4+ Kxf4 57. a7 c2 58. a8=Q c1=Q 59. Qe4+ Kg5 60. Qe5+ Kg6 61. f4 Qd1 62. Qe6+ Kh7 63. Qf7+ Kh6 64. Qg8 Qe2 65. Qg5+ Kh7 66. f5 Qe5+ 67. Kh3 Qc3+ 68. Kh4 Qe1+ 69. Kxh5 Qh1+ 70. Qh4 Qxg2 71. Qe7+ Kg8 72. Qe6+ Kh7 73. Qh6+ Kg8 74. Qg6+ Qxg6+ 75. Kxg6 1-0

[Event "North American-ch U20"]
[Site "Kitchener CAN"]
[Date "2015.07.27"]
[Round "2"]
[White "Balakrishnan, Praveen"]
[Black "Preotu, Razvan"]
[Result "1-0"]
[WhiteElo "2226"]
[BlackElo "2452"]
[WhiteFideId "-1"]
[WhiteFideId "-1"]
[PlyCount "109"]
[GameId "2160767908837266"]
[EventDate "2015.07.26"]
[EventType "swiss"]
[EventRounds "9"]
[EventCountry "CAN"]
[SourceTitle "EXT 2019"]
[Source "ChessBase"]
[SourceDate "2018.10.10"]
[SourceVersion "1"]
[SourceVersionDate "2018.10.10"]
[SourceQuality "1"]

1. e4 c5 2. Nf3 d6 3. d4 cxd4 4. Nxd4 Nf6 5. Nc3 a6 6. Be3 e6 7. Be2 Qc7 8. f4 b5 9. Bf3 Bb7 10. e5 dxe5 11. Bxb7 Qxb7 12. fxe5 Ne4 13. Qf3 Nc5 14. Qxb7 Nxb7 15. Ne4 Nd7 16. Nf3 Nbc5 17. Nxc5 Nxc5 18. O-O-O Rc8 19. Rhf1 h6 20. Kb1 Be7 21. Bd2 Nd7 22. Ba5 Bc5 23. a3 Nb6 24. Bxb6 Bxb6 25. Rd6 Rb8 26. Rfd1 Rb7 27. Rc6 Ke7 28. Rdd6 Rhb8 29. Nd4 Ke8 30. Nb3 Bc7 31. Rd3 Bxe5 32. Nc5 Ra7 33. Nxa6 Rd8 34. Rxd8+ Kxd8 35. Nb4 Bxh2 36. Rb6 Rd7 37. Rxb5 Rd2 38. a4 Rxg2 39. a5 Bg1 40. a6 Kc8 41. c4 Rg5 42. Rb7 Rf5 43. Nc6 Rf1+ 44. Ka2 h5 45. Ne7+ Kd8 46. Nc6+ Kc8 47. b4 Rf4 48. Kb3 Rf1 49. Ne7+ Kd8 50. Nc6+ Kc8 51. Ne7+ Kd8 52. c5 Ra1 53. a7 h4 54. Nc6+ Kc8 55. Na5 1-0

[Event "North American-ch U20"]
[Site "Kitchener CAN"]
[Date "2015.07.27"]
[Round "3"]
[White "Preotu, Razvan"]
[Black "He, Samuel Fei"]
[Result "1-0"]
[WhiteElo "2452"]
[BlackElo "2083"]
[WhiteFideId "-1"]
[WhiteFideId "-1"]
[PlyCount "113"]
[GameId "2160767908837302"]
[EventDate "2015.07.26"]
[EventType "swiss"]
[EventRounds "9"]
[EventCountry "CAN"]
[SourceTitle "EXT 2019"]
[Source "ChessBase"]
[SourceDate "2018.10.10"]
[SourceVersion "1"]
[SourceVersionDate "2018.10.10"]
[SourceQuality "1"]

1. e4 e5 2. Nf3 Nc6 3. Bb5 a6 4. Ba4 Nf6 5. O-O Be7 6. Re1 b5 7. Bb3 O-O 8. c3 d6 9. h3 Na5 10. Bc2 c5 11. d4 Nd7 12. Nbd2 exd4 13. cxd4 Nc6 14. Nf1 cxd4 15. Nxd4 Nxd4 16. Qxd4 Ne5 17. Ne3 Bf6 18. Qd1 Be6 19. Bb3 Rc8 20. Re2 Qb6 21. Nd5 Bxd5 22. Bxd5 Nc4 23. Rb1 Qd4 24. Qe1 Qd3 25. Bf4 Qd4 26. Rd1 Qc5 27. Bxc4 Qxc4 28. Bxd6 Rfe8 29. e5 Bd8 30. b3 Qe6 31. Qb4 Bb6 32. a4 Qd7 33. axb5 Bc5 34. Qg4 Qxg4 35. hxg4 Bxd6 36. Rxd6 axb5 37. Rd5 Rb8 38. Re4 Re6 39. Rb4 Reb6 40. g5 Kf8 41. f4 Ke7 42. Kf2 Ke6 43. Rc5 f6 44. gxf6 gxf6 45. exf6 Kxf6 46. Kf3 R8b7 47. g4 h6 48. Kg3 Kg6 49. Kh4 Rb8 50. Rd5 R8b7 51. Rbd4 Rf7 52. Rd6+ Rf6 53. f5+ Kg7 54. Rxb6 Rxb6 55. Rd7+ Kf6 56. Rh7 Ke5 57. Kh5 1-0

[Event "North American-ch U20"]
[Site "Kitchener CAN"]
[Date "2015.07.28"]
[Round "4"]
[White "Ghatti, Sanjay"]
[Black "Preotu, Razvan"]
[Result "0-1"]
[WhiteElo "2182"]
[BlackElo "2452"]
[WhiteFideId "-1"]
[WhiteFideId "-1"]
[PlyCount "82"]
[GameId "2160767908837318"]
[EventDate "2015.07.26"]
[EventType "swiss"]
[EventRounds "9"]
[EventCountry "CAN"]
[SourceTitle "EXT 2019"]
[Source "ChessBase"]
[SourceDate "2018.10.10"]
[SourceVersion "1"]
[SourceVersionDate "2018.10.10"]
[SourceQuality "1"]

1. e4 c5 2. Nf3 d6 3. d4 cxd4 4. Nxd4 Nf6 5. Nc3 a6 6. Be2 e6 7. O-O Be7 8. Be3 O-O 9. f4 Qc7 10. a4 Nc6 11. Kh1 Re8 12. Bf3 Na5 13. g4 Nd7 14. Qe2 b6 15. g5 Bb7 16. Rae1 Bf8 17. Nb3 Nc4 18. Bc1 g6 19. Bg2 Bg7 20. Rf3 d5 21. Rd3 Nf8 22. e5 Rec8 23. Nd4 Na5 24. Nd1 Nc6 25. c3 Nd7 26. Nf2 Nc5 27. Rh3 Nxd4 28. cxd4 Nxa4 29. b3 Nc3 30. Qg4 Ne4 31. Bxe4 dxe4 32. Kg1 Qxc1 33. Rxc1 Rxc1+ 34. Nd1 Rd8 35. Rc3 Rxc3 36. Nxc3 Rxd4 37. Qe2 Bf8 38. Kf1 Bb4 39. Qc2 e3 40. Ne2 Rd2 41. Qc1 Bf3 0-1

[Event "North American-ch U20"]
[Site "Kitchener CAN"]
[Date "2015.07.28"]
[Round "5"]
[White "Preotu, Razvan"]
[Black "Song, Edward"]
[Result "0-1"]
[WhiteElo "2452"]
[BlackElo "2284"]
[WhiteFideId "-1"]
[WhiteFideId "-1"]
[PlyCount "102"]
[GameId "2160767908845545"]
[EventDate "2015.07.26"]
[EventType "swiss"]
[EventRounds "9"]
[EventCountry "CAN"]
[SourceTitle "EXT 2019"]
[Source "ChessBase"]
[SourceDate "2018.10.10"]
[SourceVersion "1"]
[SourceVersionDate "2018.10.10"]
[SourceQuality "1"]

1. e4 e5 2. Nf3 Nc6 3. Bc4 Bc5 4. O-O Nf6 5. d3 d6 6. c3 a6 7. Bb3 Ba7 8. Nbd2 O-O 9. h3 Be6 10. Bc2 Ne7 11. Re1 c6 12. Nf1 Ng6 13. Ng3 h6 14. d4 Qc7 15. Be3 Rad8 16. Qe2 Bb8 17. c4 c5 18. d5 Bd7 19. Qd2 Kh7 20. Nf5 Ng8 21. g4 f6 22. Kh2 Nh8 23. Rg1 Nf7 24. h4 g6 25. g5 Qc8 26. Qe2 Nh8 27. gxh6 Rf7 28. Rg3 gxf5 29. Rag1 f4 30. Bxf4 exf4 31. Rg7+ Rxg7 32. hxg7 Nh6 33. e5+ Bf5 34. e6 Ng6 35. h5 Ne7 36. Bxf5+ Nhxf5 37. Qe4 Rg8 38. Nh4 Qe8 39. Rg6 Nxh4 40. Rxf6+ Nhf5 41. Rxf5 Nxf5 42. Qxf5+ Kxg7 43. Qg5+ Kh7 44. Qf5+ Kh6 45. Qxf4+ Kxh5 46. Kh3 Kg6 47. Qe4+ Kf6 48. Qh4+ Kg6 49. Kg4 Rh8 50. Qg5+ Kh7 51. Qh4+ Kg7 0-1

[Event "CAN-ch"]
[Site "Guelph CAN"]
[Date "2015.07.10"]
[Round "1.2"]
[White "Preotu, Razvan"]
[Black "Chen, Richard"]
[Result "1-0"]
[WhiteElo "2636"]
[BlackElo "2297"]
[WhiteFideId "-1"]
[WhiteFideId "-1"]
[PlyCount "69"]
[GameId "2160767908870971"]
[EventDate "2015.07.10"]
[EventType "swiss"]
[EventRounds "9"]
[EventCountry "CAN"]

1. e4 e6 2. d4 d5 3. Nd2 c5 4. Ngf3 Nc6 5. exd5 exd5 6. Bb5 Bd6 7. O-O Nge7 8. dxc5 Bxc5 9. Nb3 Bd6 10. Re1 O-O 11. Be3 Qc7 12. c3 a6 13. Bd3 f6 14. Bc5 Bxc5 15. Nxc5 Ne5 16. Nb3 N7c6 17. Nfd4 Bd7 18. Bf1 Rfe8 19. Nc5 Rad8 20. Nxd7 Qxd7 21. Nxc6 Nxc6 22. Rxe8+ Rxe8 23. Qb3 Kh8 24. Rd1 d4 25. Qb6 Rd8 26. g3 Qg4 27. Rxd4 Rxd4 28. cxd4 Qxd4 29. Qxb7 Nd8 30. Qxa6 h6 31. Qd3 Qb6 32. Qd7 g6 33. Bc4 h5 34. h4 f5 35. Qe8+ 1-0

[Event "CAN-ch"]
[Site "Guelph CAN"]
[Date "2015.07.11"]
[Round "2.2"]
[White "Plotkin, Victor"]
[Black "Preotu, Razvan"]
[Result "1-0"]
[WhiteElo "2400"]
[BlackElo "2636"]
[WhiteFideId "-1"]
[WhiteFideId "-1"]
[PlyCount "93"]
[GameId "2160767738660384"]
[EventDate "2015.07.10"]
[EventType "swiss"]
[EventRounds "9"]
[EventCountry "CAN"]
[TimeControl "40/5400+30:1800+30"]

1. e4 e5 2. Nf3 Nc6 3. Bc4 Bc5 4. d3 Nf6 5. Nc3 O-O 6. O-O h6 7. h3 d6 8. Na4 Bb6 9. Nxb6 axb6 10. Be3 Re8 11. Re1 Be6 12. Bb5 Bd7 13. c4 Nb8 14. Bxd7 Nfxd7 15. Qc2 c5 16. g3 Nf8 17. Nh4 Ng6 18. Nxg6 fxg6 19. Kh2 g5 20. Rf1 g4 21. f3 gxf3 22. Rxf3 Rf8 23. Rf5 Nd7 24. g4 Qh4 25. Kg2 g6 26. Qf2 Qe7 27. Rxf8+ Rxf8 28. Qe2 Kg7 29. Rf1 Rf6 30. g5 Rxf1 31. gxh6+ Kh7 32. Qxf1 Nf8 33. h4 Ne6 34. Kg3 Kg8 35. Qf3 Kh7 36. h5 Nd4 37. hxg6+ Kxg6 38. Qg4+ Kh7 39. Qg5 Qf7 40. Bxd4 cxd4 41. Kg4 Kh8 42. b4 Qd7+ 43. Qf5 Qe7 44. a4 Qc7 45. Kg5 Kg8 46. Qe6+ Kh7 47. Kf6 1-0

[Event "CAN-ch"]
[Site "Guelph CAN"]
[Date "2015.07.13"]
[Round "6.3"]
[White "Krnan, Tomas"]
[Black "Preotu, Razvan"]
[Result "0-1"]
[WhiteElo "2557"]
[BlackElo "2636"]
[WhiteFideId "-1"]
[WhiteFideId "-1"]
[PlyCount "126"]
[GameId "2160767908879216"]
[EventDate "2015.07.10"]
[EventType "swiss"]
[EventRounds "9"]
[EventCountry "CAN"]

1. b3 d5 2. Bb2 Bf5 3. e3 e6 4. Nf3 Nf6 5. Be2 Nbd7 6. c4 c6 7. O-O h6 8. d3 Be7 9. Nc3 O-O 10. Re1 a5 11. Bf1 Nc5 12. Ba3 Re8 13. d4 Nce4 14. Bxe7 Qxe7 15. Nxe4 Nxe4 16. Nd2 Qa3 17. Nxe4 Bxe4 18. Qc1 Qb4 19. c5 a4 20. a3 Qxb3 21. Re2 Qc4 22. Qxc4 dxc4 23. Rc1 Ra5 24. Rd2 Bd3 25. Bxd3 cxd3 26. Rb1 e5 27. Kf1 Rd8 28. Rb4 Rd7 29. Ke1 e4 30. Rdb2 Ra7 31. Rc4 f5 32. Rbb4 Rd8 33. Rb2 Re8 34. Rcb4 Re7 35. Kd2 Kf7 36. Rb1 Ke6 37. f3 Rf7 38. Rf1 Rf6 39. Kc3 Kd7 40. Rb2 h5 41. h4 Kc7 42. Rfb1 Re6 43. Rf1 g6 44. g4 hxg4 45. fxg4 Rf6 46. h5 gxh5 47. gxf5 Ra8 48. Rf4 Re8 49. Rh2 b6 50. cxb6+ Kxb6 51. Rhh4 Re7 52. Rxh5 c5 53. dxc5+ Kxc5 54. Rh8 Rc6 55. f6 Kd5+ 56. Kb4 Rb7+ 57. Ka5 d2 58. Rd8+ Rd6 59. Rxd6+ Kxd6 60. Rf1 Kc5 61. Ka6 Rb6+ 62. Ka5 Rxf6 63. Rd1 Rd6 0-1

[Event "CAN-ch"]
[Site "Guelph CAN"]
[Date "2015.07.14"]
[Round "7.2"]
[White "Preotu, Razvan"]
[Black "Gerzhoy, Leonid"]
[Result "0-1"]
[WhiteElo "2636"]
[BlackElo "2538"]
[WhiteFideId "-1"]
[WhiteFideId "-1"]
[PlyCount "142"]
[GameId "2160767908879227"]
[EventDate "2015.07.10"]
[EventType "swiss"]
[EventRounds "9"]
[EventCountry "CAN"]

1. e4 d6 2. d4 Nf6 3. Nc3 e5 4. Nf3 Nbd7 5. Bc4 Be7 6. O-O O-O 7. a4 a5 8. Re1 c6 9. h3 Re8 10. Bb3 h6 11. Be3 Qc7 12. Nh4 Nf8 13. Qf3 exd4 14. Bxd4 Ne6 15. Be3 Ng5 16. Bxg5 hxg5 17. Nf5 Bd8 18. Rad1 Bxf5 19. Qxf5 Re5 20. Qf3 Qe7 21. Re2 Bb6 22. Rde1 Re8 23. Bc4 g6 24. Bd3 Kg7 25. g4 Nd7 26. Nb1 Re6 27. Nd2 Ne5 28. Qg3 Rf6 29. Kg2 Rf4 30. Nc4 Nxc4 31. Bxc4 Qf6 32. b3 Bd4 33. f3 Bc5 34. Bd3 Rh8 35. Rh1 Bd4 36. Ree1 Rh4 37. Ref1 Qe5 38. Qe1 Bc3 39. Qf2 d5 40. exd5 cxd5 41. Qb6 Qe7 42. Qb5 Rh8 43. Qb6 Rf6 44. Qf2 Qe5 45. h4 Bd4 46. Re1 Qf4 47. Qg3 Qxg3+ 48. Kxg3 gxh4+ 49. Kg2 Re6 50. Rxe6 fxe6 51. Re1 e5 52. c4 dxc4 53. Bxc4 Kf6 54. Kh3 Kg5 55. Bd5 b6 56. Rc1 Rd8 57. Be4 Bc5 58. Rc2 Rd1 59. Re2 Bd4 60. Rc2 Kf4 61. Rc6 g5 62. Rc2 Ke3 63. Kg2 Re1 64. Kh3 Rg1 65. Kh2 Rg3 66. Rc7 Rxf3 67. Bxf3 Kxf3 68. Kh3 e4 69. Rf7+ Ke2 70. Rf5 e3 71. Rxg5 Kd3 0-1

[Event "CAN-ch"]
[Site "Guelph CAN"]
[Date "2015.07.15"]
[Round "8"]
[White "Zhang, Yuanchen"]
[Black "Preotu, Razvan"]
[Result "0-1"]
[WhiteElo "2295"]
[BlackElo "2452"]
[WhiteFideId "-1"]
[WhiteFideId "-1"]
[PlyCount "66"]
[GameId "2160767908879242"]
[EventDate "2015.07.10"]
[EventType "swiss"]
[EventRounds "9"]
[EventCountry "CAN"]
[SourceTitle "CBM 167 Extra"]
[Source "ChessBase"]
[SourceDate "2015.09.14"]
[SourceVersion "1"]
[SourceVersionDate "2015.09.14"]
[SourceQuality "1"]

1. d4 Nf6 2. c4 e6 3. Nc3 Bb4 4. e3 O-O 5. Nge2 d5 6. a3 Be7 7. cxd5 exd5 8. Nf4 c6 9. Bd3 a5 10. O-O Na6 11. f3 Nc7 12. Bc2 Ne6 13. e4 dxe4 14. Nxe6 Bxe6 15. fxe4 Qb6 16. Qd3 Rfd8 17. e5 Rxd4 18. Be3 Rxd3 19. Bxb6 Rxc3 20. bxc3 Nd5 21. Bd4 c5 22. c4 cxd4 23. cxd5 Bxd5 24. Bd3 Rc8 25. Rfc1 Rxc1+ 26. Rxc1 Bxa3 27. Rc8+ Bf8 28. Rd8 Bb3 29. Rb8 a4 30. Rxb7 Be6 31. Ra7 a3 32. Bb1 d3 33. Kf1 Bc4 0-1